[Event "Biel GM 45th"]
[Site "Biel"]
[Date "2012.07.29"]
[Round "3"]
[White "Bologan, Viktor"]
[Black "Carlsen, Magnus"]
[Result "0-1"]
[WhiteElo "2732"]
[BlackElo "2837"]
[Annotator "Kritz,L"]
[PlyCount "80"]
[EventDate "2012.07.23"]
[EventType "tourn"]
[EventRounds "10"]
[EventCountry "SUI"]
[EventCategory "21"]
[SourceTitle "CBM 150"]
[Source "ChessBase"]
[SourceDate "2012.09.14"]
[SourceVersion "1"]
[SourceVersionDate "2012.09.14"]
[SourceQuality "1"]

1. e4 c5 2. Nf3 Nc6 3. Bb5 d6 {Dieser Zug wurde zuletzt oft gespielt. Die
anderen Hauptvarianten sind 3...g6 und 3...e6.} (3... g6 4. Bxc6 dxc6 5. d3 Bg7
6. h3 Nf6 7. Nc3 O-O 8. Be3 b6 9. Qd2 $14 {Weiß hat die etwas angenehmere
Stellung.}) (3... e6 4. Bxc6 bxc6 5. d3 $132 {Hier spielt Weiß gegen den
schlechten schwarzen Läufer c8 und hat eine bessere Bauernstruktur. Die
entstehenden Stellungen sind jedoch sehr kompliziert.}) 4. O-O (4. Bxc6+ bxc6
5. O-O e5 6. c3 Nf6 7. Re1 Bg4 $132 {mit gleichen Chancen.}) 4... Bd7 5. Re1
Nf6 6. h3 {Eine relativ seltene Fortsetzung. Der Hauptzug ist 6.c3.} (6. c3 a6
7. Bf1 Bg4 8. h3 Bxf3 9. Qxf3 g6 10. d3 Bg7 11. Be3 Nd7 12. Nd2 O-O 13. Qd1 Rc8
$132 {Kasparov - Vachier Lagrave (Clichy, 2011)}) 6... e6 {Gut spielbar ist
hier auch 6...a6.} (6... a6 7. Bf1 e5 8. c3 Be7 9. d4 Qc7 10. d5 Nd8 $132 {
Die Stellung ist sehr ähnlich zu Spanischen Strukturen, jedoch sieht es so aus,
als ob Schwarz schon alles erreicht hat, was man in einem typischen Spanier
erreichen will.}) 7. c3 d5 {Wenn Schwarz das Spiel gleich vereinfachen will,
kann er 7...Ne5 spielen.} (7... Ne5 8. Bxd7+ Qxd7 9. d4 Nxf3+ 10. Qxf3 cxd4 11.
cxd4 d5 12. e5 Ng8 13. Nc3 Ne7 14. Qd3 Nc6 $11 {Rozentalis - Chernyshov (Bad
Wiessee, 2009)}) 8. d3 {Das logische 8.e5 funktioniert hier überhaupt nicht.} (
8. e5 $2 Nxe5 $1 $19) 8... a6 9. Ba4 b5 {Das sofortige Nehmen auf e4 wäre
etwas besser, weil Weiß dann keine extra Möglichkeiten bekäme.} (9... dxe4 10.
dxe4 b5 11. Bc2 {->9....b5}) 10. Bc2 (10. exd5 $5 Nxd5 (10... bxa4 11. dxc6
Bxc6 12. Ne5 $16) 11. c4 Nb6 (11... bxa4 12. cxd5 Nb4 13. dxe6 Bxe6 14. Nc3 $16
) 12. Bb3 Be7 13. Nc3 bxc4 14. dxc4 O-O 15. Bf4 $14) 10... dxe4 11. dxe4 e5 $1
{Sonst würde Weiß selbst e5 spielen.} (11... Be7 12. e5 Nd5 13. Be4 $14) 12. a4
(12. Nbd2 Be7 13. Nf1 Be6 14. Ne3 O-O $11 {Weiß kann üblicherweise keinen
großen Nutzen aus dem Feld d5 ziehen, weil Schwarz die Kontrolle darüber hat.})
12... Be7 13. axb5 axb5 14. Rxa8 Qxa8 15. Bg5 {Nach 15.Na3 hätte Schwarz mehr
Probleme zu lösen:} (15. Na3 Qb8 $1 (15... Qa6 $6 16. Bg5 $1 Be6 (16... h6 17.
Bxf6 Bxf6 18. Qd6 Be7 19. Qd3 c4 20. Qd5 $14) 17. Nxb5 $3 Qxb5 18. Nxe5 $1 $16)
16. Bg5 h6 17. Bxf6 Bxf6 18. Qd5 Qb6 $11) 15... Be6 16. Na3 b4 17. Nb1 $2 {
Weiß hat sich nicht getraut, den Springer auf b5 zu stellen und gerät in eine
schwierige Lage.} (17. cxb4 $1 cxb4 18. Nb5 Qb8 19. Bxf6 gxf6 (19... Bxf6 20.
Nd6+ Ke7 21. Nf5+ Bxf5 22. exf5 Rd8 23. Qe2 Kf8 24. Bb3 $14) 20. Bd3 O-O 21.
Nh4 $36) 17... O-O {Weiß hat zu viel Zeit verloren.} 18. Ba4 h6 19. Bh4 ({
Das Nehmen auf c6 funktioniert nicht:} 19. Bxc6 Qxc6 20. Nxe5 Qc7 21. Bf4 Bd6
$19) 19... Rd8 20. Nbd2 g5 $5 {Schwarz will den weißen schwarzfeldrigen Läufer
ausschalten.} 21. Bg3 Nd7 22. Bb3 (22. Bxc6 Qxc6 23. Nxe5 Nxe5 24. Bxe5 Qd7 $19
) 22... Nf8 23. Qc2 {Nun hätte man den Bauern nehmen können, aber Schwarz
würde auch dann Kompensation haben.} (23. Bxe6 Nxe6 24. Nxe5 bxc3 25. bxc3 Nxe5
26. Bxe5 Qa2 27. Re2 c4 28. Qe1 Qa4 $44) 23... f6 24. Nc4 (24. Bxe6+ Nxe6 25.
Qb3 Kf7 26. Nc4 Qa6 27. Ne3 h5 28. Nd5 c4 29. Qd1 h4 $36 {Weiß hat einen sehr
starken Springer auf d5, aber der Rest seiner Figuren macht nichts.}) 24... Qa6
25. Qe2 $2 {Das ist ein Fehler, der dazu führt, dass Schwarz endgültig die
Initiative übernimmt.} (25. Ne3 c4 26. Qe2 bxc3 27. bxc3 Rd3 28. Nxc4 Rxc3 29.
Ne3 Qxe2 30. Bxe6+ Nxe6 31. Rxe2 $11) 25... Rb8 $1 26. Ne3 Qxe2 27. Bxe6+ Nxe6
28. Rxe2 Ra8 $1 {Der Bauer b2 wird nun zum Angriffsziel schwarzer Figuren.} 29.
h4 Ra2 30. Kf1 Kf7 {Schwarz hat es nicht eilig - er aktiviert seine Figuren
und bringt den König ins Zentrum, immer eine gute Strategie im Endspiel.} 31.
Bh2 Na5 32. hxg5 hxg5 33. Rd2 b3 {Die Frage wäre immer noch, wie kommt Schwarz
voran, doch Weiß hilft ihm.} 34. Bxe5 $2 {Nun verliert Weiß forciert.} (34. Ke1
$1 {und das Spiel läuft noch.}) 34... g4 $1 {Das gewinnt am sichersten.} (34...
fxe5 35. Nxe5+ Ke8 36. Ke2 $15 {Schwarz hat natürlich Vorteil, doch Weiß will
seinen König nach g4 bringen, den Springer auf c4 stellen und Schwarz wird
sich noch quälen müssen.}) 35. Nxg4 Nc4 36. Re2 (36. Rd7 fxe5 37. Nfxe5+ Nxe5
38. Nxe5+ Ke8 39. Rd2 Bg5 40. Re2 Nf4 $19 {und der Bauer b2 geht verloren.})
36... Nxb2 {Nun ist das Spiel vorbei, der Bauer b2 ist viel wichtiger als die
Figur.} 37. Nd2 c4 38. Bg3 Nd3 39. f4 Nexf4 40. Bxf4 Ra1+ 0-1

[Event "Gibraltar Masters 10th"]
[Site "Caleta"]
[Date "2012.01.27"]
[Round "4"]
[White "Muzychuk, Anna"]
[Black "Sasikiran, Krishnan"]
[Result "0-1"]
[WhiteElo "2580"]
[BlackElo "2700"]
[Annotator "Let's Check"]
[PlyCount "80"]
[EventDate "2012.01.24"]
[EventType "swiss"]
[EventRounds "10"]
[EventCountry "GGB"]
[SourceTitle "CBM 147"]
[Source "ChessBase"]
[SourceDate "2012.03.16"]
[SourceVersion "1"]
[SourceVersionDate "2012.03.16"]
[SourceQuality "1"]

1. e4 c5 2. Nf3 d6 3. Bb5+ Nc6 4. O-O Bd7 5. Re1 Nf6 6. c3 a6 7. Ba4 b5 8. Bc2
e5 9. h3 Be7 10. d4 O-O 11. d5 Na5 12. Nxe5 dxe5 13. d6 Be6 14. dxe7 Qxe7 15.
Qf3 Rfd8 16. Nd2 c4 17. Nf1 Nb7 18. Bg5 h6 19. Bh4 Rd6 20. Qg3 Bd7 21. f4 Re6
22. f5 Qc5+ 23. Ne3 Rd6 24. Kh2 Re8 25. Bxf6 Rxf6 26. Rad1 Rd6 27. f6 g6 28.
Nf5 Bxf5 29. exf5 Rxf6 30. fxg6 Nd6 $2 (30... fxg6 31. Bxg6 Re7 $16) 31. gxf7+
Kxf7 32. Rf1 Rxf1 33. Rxf1+ Ke7 34. Bg6 Rg8 35. Qh4+ Kd7 36. Qxh6 Qd5 37. Rf2
$2 (37. Qh7+ Kd8 38. Rf6 $18) 37... e4 $14 38. Bf5+ $2 (38. h4 Qe5+ 39. Kg1 $16
) 38... Nxf5 $19 39. Qf4 Nd6 40. Rd2 Qe6 0-1

[Event "Olympiad-32"]
[Site "Yerevan"]
[Date "1996.09.18"]
[Round "3.3"]
[White "Damaso, Rui"]
[Black "Grivas, Efstratios"]
[Result "1-0"]
[WhiteElo "2420"]
[BlackElo "2500"]
[Annotator "Makarichev,S"]
[PlyCount "81"]
[EventDate "1996.09.15"]
[EventType "team-swiss"]
[EventRounds "14"]
[EventCountry "ARM"]
[SourceTitle "CBM 055"]
[Source "ChessBase"]
[SourceDate "1996.12.01"]
[SourceVersion "1"]
[SourceVersionDate "1996.12.01"]
[SourceQuality "1"]
[WhiteTeam "Portugal"]
[BlackTeam "Greece"]
[WhiteTeamCountry "POR"]
[BlackTeamCountry "GRE"]

1. e4 c5 2. Nf3 Nc6 3. Bb5 d6 4. O-O Bd7 5. c3 a6 6. Bxc6 Bxc6 7. d4 Bxe4 8.
Re1 Nf6 9. Bg5 Bd5 10. c4 Bxf3 $6 (10... Bxc4 $142 11. Nc3 e6 12. Bxf6 $1 Qxf6
(12... gxf6 13. d5 e5 $13) 13. dxc5 $13 O-O-O $1 14. Qa4 $13 {Taulbut,
Sh-Kupreichik,V/Hastings/1981/}) 11. Qxf3 cxd4 12. Qxb7 $40 Qc8 $1 13. Qf3 $1
e6 $6 (13... Nd7 14. Nd2 Ne5 15. Qe4 h6 16. Bf4 $16) 14. Bxf6 gxf6 15. Nd2 $16
(15. Qxf6 $2 Rg8 $132) 15... Be7 16. Nb3 $1 $16 (16. Ne4 $2 f5) 16... e5 $2 (
16... O-O 17. Nxd4 Qxc4 18. Re4 (18. Nf5 $5 $40) 18... Qd5 19. Rd1 f5 20. Nxf5
$16) 17. Nxd4 $1 $18 Rb8 (17... exd4 18. Qxf6 $18) 18. Nf5 Rg8 19. b3 Rg5 20.
g4 $5 h5 21. h3 hxg4 22. hxg4 d5 23. cxd5 Rb4 24. Re4 Rxe4 25. Qxe4 Qc3 26. Rd1
Qh3 27. Rd4 $1 Kd7 (27... Bc5 28. d6 $1 $18) 28. Rc4 $1 (28. d6 $2 exd4 29.
Qb7+ Ke6 $13) 28... Bd6 29. Ng3 Bb8 30. d6 Bxd6 31. Nf5 Ke6 32. Rd4 Rxg4+ 33.
Qxg4 Qxg4+ 34. Rxg4 Kxf5 35. Ra4 e4 36. Rxa6 Be5 37. Rc6 Kf4 38. Kg2 f5 39. a4
e3 40. Rc4+ Kg5 41. fxe3 1-0

[Event "ROM-chT"]
[Site "Baile Tusnad"]
[Date "1997.??.??"]
[Round "?"]
[White "Golubev, Mikhail"]
[Black "Suba, Mihai"]
[Result "0-1"]
[WhiteElo "2530"]
[BlackElo "2535"]
[Annotator "Marin,M"]
[PlyCount "82"]
[EventDate "1997.??.??"]
[EventType "team"]
[EventRounds "5"]
[EventCountry "ROU"]
[SourceTitle "EXT 1999"]
[Source "ChessBase"]
[SourceDate "1998.11.16"]
[SourceVersion "1"]
[SourceVersionDate "1998.11.16"]
[SourceQuality "1"]

1. e4 c5 2. Nf3 d6 3. d4 Nf6 4. Bb5+ Nbd7 5. O-O cxd4 6. Qxd4 g6 7. e5 dxe5 8.
Nxe5 Bg7 9. Rd1 O-O 10. Nc3 Qb6 11. Be3 Qxd4 12. Bxd4 Nxe5 13. Bxe5 Be6 14. Ne2
Rfc8 15. Bd3 Bc4 16. c3 Bxd3 17. Rxd3 a6 18. Rad1 b5 19. h3 e6 20. Rf3 Nd5 21.
Bxg7 Kxg7 22. Nd4 Ra7 23. Nb3 Nb6 24. Na5 Na4 25. Rd2 Rc5 26. Rfd3 Rac7 27. Rd6
Re5 28. Rxa6 Re1+ 29. Kh2 Rb1 30. b3 Nxc3 31. Nc6 Nd5 32. Nd4 b4 33. a3 bxa3
34. Rxa3 g5 35. Raa2 Rcc1 36. Rab2 Rh1+ 37. Kg3 Nf6 38. f3 (38. Rxb1 Ne4+ 39.
Kg4 $8 Rxb1 40. Re2 Kg6 $1 $17) 38... Rbf1 39. Ra2 (39. Rf2 Nh5+ 40. Kg4 Kg6
$19) 39... h5 40. h4 Rxh4 $6 $19 (40... Ne4+ $142 $1 41. fxe4 gxh4#) 41. Ra5
Kg6 {/\Rh1, h4#} 0-1

[Event "Norway Chess 1st"]
[Site "Stavanger"]
[Date "2013.05.12"]
[Round "4"]
[White "Carlsen, Magnus"]
[Black "Svidler, Peter"]
[Result "1/2-1/2"]
[WhiteElo "2868"]
[BlackElo "2769"]
[Annotator "Marin,M"]
[PlyCount "86"]
[EventDate "2013.05.08"]
[EventType "tourn"]
[EventRounds "9"]
[EventCountry "NOR"]
[EventCategory "21"]
[SourceTitle "CBM 155"]
[Source "ChessBase"]
[SourceDate "2013.07.16"]
[SourceVersion "1"]
[SourceVersionDate "2013.07.16"]
[SourceQuality "1"]

1. e4 c5 2. Nf3 d6 3. Bb5+ Nd7 4. O-O a6 ({If Black delays attacking the
bishop with} 4... Ngf6 5. Re1 a6 {White could regroup properly:} 6. Bf1) 5. Bd3
$5 {A relatively unexplored move.} ({The main stream goes} 5. Bxd7+ Bxd7) 5...
Ne5 $5 {But this is really rare. Black accepts the weakness of the doubled
pawns in order to cross White's plans of central expansion with c2-c3, Bc2 and
d2-d4.} (5... Ngf6 {is examined in Stohl's extensive comments to Caruana,F 
(2786)-Topalov,V (2769)/Bucharest 2012/CBM 152/[Stohl,I] (1/2, 81)}) 6. Nxe5 {
White has nothing better than picking up the gauntlet. It is not such a bad
option, by the way.} ({If} 6. Be2 Nxf3+ 7. Bxf3 Nf6 {the bishop does not stand
well in front of the f-pawn.}) 6... dxe5 7. a4 Nf6 {I must confess that I do
not quite understand why Black allows the blocking a4-a5 move while White does
not play it! It will be only nine moves later that Black will eventually play .
..b7-b6.} ({The more logical (and, in my opinion, better)} 7... b6 {has been
played only in one game between lower rated players, so there must be
something beyond my understanding.} 8. b3 {Mudrak,J (2313)-Rychlik,H (2044)
Nachod 2012 (1-0, 48)}) 8. b3 $146 (8. Re1 g6 (8... b6 9. Na3 Bb7 10. Nc4 Nd7
11. b3 e6 12. Bb2 Qg5 13. Re3 g6 14. Rg3 Qf6 15. Qe2 $16 {Trent,L (2429)
-Sutovsky,E (2684)/Caleta 2013/CBM 153 (0-1, 43)}) 9. Qe2 Bh6 10. Na3 b6 11. b3
O-O 12. Bb2 Qc7 13. Rad1 Bb7 14. f3 Nd7 15. Bc4 Nb8 {[%cal Gb8c6,Gc6d4] and
Black managed to equalise gradually in Flores Rios,M (2482)-Iturrizaga Bonelli,
E (2555)/Sao Paulo 2009/CBM 131 Extra (1/2, 30)}) ({I would play} 8. a5 {
without thinking twice!}) 8... Be6 ({If Black keeps developing normally, White
will gain a lot from having saved the tempo Rf1-e1 with respect to the two
games above; moreover, the rook is better placed on f1 in view of a possible
f2-f4.} 8... g6 9. Bb2 Qc7 10. Na3 Bg7 11. Nc4 Nh5 (11... Nd7 12. f4 $40) 12.
a5 $16) 9. Bb2 ({For once,} 9. a5 {oes not work>} Bxb3 $17) 9... Bxb3 10. Qe2 (
10. Bxa6 Rxa6 11. cxb3 Nxe4 12. Re1 Nf6 13. Bxe5 e6 14. Na3 {is not too clear.
White has a nice blockade, but on the other hand Black's structure is more
compact.}) (10. Bxe5 $2 Qxd3 $1) 10... c4 (10... Be6 11. Bxe5 $14) 11. Bxc4
Bxc4 12. Qxc4 $14 {The unusual exchanges have left White with the better
development and better pawn control in the centre.} Rc8 13. Qb3 Qc7 14. d3 e6 (
14... Qxc2 15. Qxb7 $16) 15. Nd2 Nd7 16. Nc4 ({This was the last moment when
White could block the queenside with} 16. a5 {Why did Carlsen refrain from
such a strategically advantageous move? Surely not because of} Qxc2 $2 17. Rac1
Qxb3 18. Rxc8+ Ke7 19. Nxb3 $18) 16... b6 {The worst is over for Black now.
The c4-knight will face the constant threat of ...b6-b5, which makes the
c2-pawn vulnerable.} 17. Kh1 Rb8 18. Qc3 f6 19. g3 b5 20. axb5 axb5 21. Ne3
Qxc3 22. Bxc3 b4 23. Bd2 b3 24. cxb3 Rxb3 25. Ra8+ Rb8 {Safest} (25... Kf7 26.
Rc1 Rxd3 27. Bb4 {would offer White a dangerous initiative.}) 26. Rxb8+ Nxb8
27. Rc1 Kd7 28. Rb1 Nc6 $11 {Black's position is absolutely normal and the
king's activity fully compensates for the slight delay in development.} 29. Nc4
Be7 30. f4 exf4 31. gxf4 Rb8 32. Rxb8 Nxb8 33. Kg2 Nc6 34. Bc3 Bc5 35. Kf3 Nd4+
36. Bxd4 Bxd4 37. f5 g6 38. fxe6+ Kxe6 39. h3 h5 40. Na5 Bb6 41. Nc4 Bd4 42.
Na5 Bb6 43. Nc4 Bd4 1/2-1/2

[Event "Norway Chess 1st"]
[Site "Stavanger"]
[Date "2013.05.15"]
[Round "7"]
[White "Svidler, Peter"]
[Black "Topalov, Veselin"]
[Result "1/2-1/2"]
[WhiteElo "2769"]
[BlackElo "2793"]
[Annotator "Marin,M"]
[PlyCount "67"]
[EventDate "2013.05.08"]
[EventType "tourn"]
[EventRounds "9"]
[EventCountry "NOR"]
[EventCategory "21"]
[SourceTitle "CBM 155"]
[Source "ChessBase"]
[SourceDate "2013.07.16"]
[SourceVersion "1"]
[SourceVersionDate "2013.07.16"]
[SourceQuality "1"]

1. e4 c5 2. Nf3 d6 3. Bb5+ ({It is interesting to compare the position arising
after} 3. d4 cxd4 4. Qxd4 Nc6 5. Bb5 Bd7 6. Bxc6 Bxc6 7. Nc3 Nf6 8. Bg5 e6 9.
O-O-O {(just another anti-Sicilian tabyia) with that after 9.Nc3 from a
comment below.}) 3... Nd7 4. O-O Ngf6 5. d4 cxd4 6. Qxd4 a6 ({Black could opt
for a Najdorf like structure in the centre with} 6... e5 7. Qd3 h6 {for
instance} 8. c4 Be7 9. Nc3 O-O 10. Bxd7 Bxd7 11. a4 Bc6 {Grischuk,A (2764)
-Nepomniachtchi,I (2707)/Moscow 2012/CBM 152 Extra (1/2, 25)}) 7. Bxd7+ Bxd7 8.
Bg5 {After this move, ...e7-e5 is out of question, of course.} e6 9. Nbd2 {
Not the most popular way to develop the queen's knight in any kind of
Sicilians.} (9. Nc3 {looks more natural, when a comparison with the tabyia
mentioned in the introduction may be instructive. White seems to be a bit
ahead with his development, since instead of ...Bc6 Black has ...a6 on the
board. However, White has castled short, which has a double drawback. First of
all, he is behind by one tempo in the process of centralising his rooks.
Secondly, the kingside pawn storm, one of the main plans in the 4.Qxd4 line,
is virtually impossible here.}) 9... Bc6 {This position has repeatedly ocurred
in the practice of the modern anti Sicilian guru Rublevsky.} 10. Rfd1 {By
placing this rook on d1, Svidler probably wanted to keep the option of gaining
queenside space with a4-a5. However, after the early opening of the d-file,
the choice will lose any relevance.} (10. Rad1 Be7 11. Nc4 {Rublevsky,S (2672)
-Vorobiov,E (2547)/Krasnoyarsk 2003/CBM 098/[Psakhis] (1-0, 21)}) (10. Nc4 b5 (
10... Bxe4 11. Bxf6 Qxf6 12. Qxe4 d5 {Maze,S (2494)-Campos Moreno,J (2443)/
Andorra 2005/CBM 107 ext (1/2, 20)}) 11. Nb6 $5 (11. Bxf6 Qxf6 12. Nxd6+ Bxd6
13. Qxd6 Bxe4 {Rublevsky,S (2670)-Bologan,V (2663)/Poikovsky 2003/CBM 095/
[Bologan] (1/2, 35)}) 11... Rb8 12. Nd5 $5 {Rublevsky,S (2686)-Misailovic,N 
(2349)/Budva 2004/CBM 102 ext (1-0, 28). A spectacular sacrifice, typical for
the main lines of the 6.Bg5 Najdorf. We can see that Rublevsky plays the
so-called side lines only to avoid heavy theory, but not the big fight at all!
Black rejected the sacrifice and got a simply worse position. However, White
seems to have a strong attack after:} exd5 13. exd5 Bb7 14. Rfe1+ Kd7 (14...
Be7 15. Bxf6 gxf6 16. Qxf6 {[%cal Ge1e7,Ga1e1,Gf6h8] Threatening Rxe7+
followed by Re1, apart from the obvious Qxh8+.} Kd7 17. Qf5+ Kc7 18. Qxf7 Re8
19. Re3 $18 {[%cal Ga1e1]}) 15. a4 $5 $40) 10... Be7 11. e5 {This leads to
simplifications with little chances for an advantage.} (11. Nc4 $5) 11... dxe5
12. Qxd8+ Rxd8 13. Nxe5 Rd5 $146 {Exposing the rook to an early exchange will
lead to a position with a symbolic developmental advantage for White.} ({
The seemingly passive} 13... Rc8 {is absolutely safe for Black.} 14. Nxc6 Rxc6
15. c3 Nd5 16. Bxe7 Kxe7 17. Nf3 Rd8 $11 {Komliakov,V (2460)-Vorobiov,E (2435)/
Moscow 1997/EXT 2000 (0-1, 39)}) 14. Ndf3 (14. Nxc6 Rxg5) (14. Bxf6 Bxf6 15.
Nxc6 bxc6 16. c3 Ke7 17. Nc4 Rhd8 {Black's excellent centralisation
compensates for the outpost on c4.} 18. Ne3 Rd2 19. Rxd2 Rxd2 20. Rb1 h5 21.
Kf1 Bg5 22. Nc4 Rc2 23. Re1 h4 {Black is quite active, so maybe White should
start looking for a draw, for instance:} 24. Re2 Rc1+ 25. Re1 Rc2) 14... Rxd1+
15. Rxd1 Be4 {This basically loses a tempo and must have been the consequence
of some simple oversight. However, it will not have concrete consequences.} (
15... Bxf3 16. Nxf3 b5 17. c4 bxc4 18. Rc1 Nd5 19. Rxc4 Bxg5 20. Nxg5 Ke7 $11 {
[%cal Gh8b8]}) 16. Rd4 Bxf3 17. Nxf3 Nd5 (17... b5 $5) 18. c4 Nb4 (18... Bxg5
19. cxd5 Bf6 20. Rb4 b5 21. dxe6 fxe6 {The weaknesses in the centre are
compensated for by the overall piece activity, for instance} 22. a4 Kd7 23.
axb5 Rb8 {and the black king may become threatening.}) 19. Bxe7 Kxe7 20. Ne5
Rd8 21. Rxd8 Kxd8 22. a3 ({Once again, the king's centralisation spares Black
problems after} 22. Nxf7+ Ke7 23. Ne5 (23. Ng5 Nxa2 24. Nxh7 Nc1 25. Ng5 Nd3
26. b3 a5 27. Ne4 Nc1 28. Nd2 Kd6) 23... Kd6 (23... Nxa2 24. Nd3 $14 {[%csl
Ga2][%cal Gg1f1,Gf1e2,Ge2e3]}) 24. f4 Kc5 $132) 22... Nc6 23. Nxc6+ {
Transposing into a pawn ending in which the queenside majority may prove
dangerous if Black plays carelessly.} bxc6 24. f4 c5 25. b4 a5 $1 {Which he
does not! The accurate last move removes any potential danger from the
position.} 26. b5 {This allows Black to build up a fortress, but the
alternatives can hardly be taken seriously.} ({Still, in order to illustrate
the hidden mutual dangers characteristic for pawn endings, I will just give a
few lines:} 26. bxa5 Kc7 27. Kf2 Kb7 28. Ke3 $1 {[%cal Ge3e4,Ge3d3]} (28. Ke2
$2 Ka6 29. Kd3 Kxa5 30. Kc3 Ka4 31. Kb2 f6 $19) 28... f5 (28... Ka6 $2 29. Ke4
f6 30. f5 $1 $18 {[%csl Gd5]}) 29. Kd3 Ka6 30. Kc3 Kxa5 31. Kb3 $11 {There is
no way to penetrate with either king.}) (26. bxc5 {leaves White struggling,
but would probably end in a draw anyway:} Kc7 27. Kf2 Kc6 28. Ke3 Kxc5 29. Kd3
a4 30. g4 {It will be revealed slightly later how useful it is to get some
space before undertaking anything concrete.} f6 31. g5 fxg5 32. fxg5 e5 33. Ke4
Kxc4 34. Kxe5 Kb3 35. Kd4 Kxa3 36. Kc3 Ka2 37. Kc2 a3 38. h3 $11 {Here it is!
White needs to have more reserve tempi than his opponent, for which the space
advantage is essential.}) 26... f5 27. Kf2 a4 28. Kg3 g6 29. Kh4 h6 30. g4 Kd7
31. gxf5 exf5 32. Kg3 Kc7 33. h4 h5 34. Kf2 1/2-1/2